书目信息 |
| 题名: |
南北朝风云
|
|
| 作者: | 孙峰 , 孙艺真 著 | |
| 分册: | 第一卷 | |
| 出版信息: | 北京 中国文史出版社 2018 |
|
| 页数: | 364页 | |
| 开本: | 24cm | |
| 丛书名: | 认认真真讲历史 | |
| 单 册: | ||
| 中图分类: | K239.09 | |
| 科图分类: | ||
| 主题词: | 古代史--gu dai shi--中国历史--南北朝时代--通俗读物 | |
| 电子资源: | ||
| ISBN: | 978-7-5034-9531-1 | |
| 000 | 00936oam2 2200265 450 | |
| 001 | 2151107890 | |
| 005 | 20211019144021.68 | |
| 010 | @a978-7-5034-9531-1@dCNY62.00 | |
| 100 | @a20180217d2018 em y0chiy50 ea | |
| 101 | 0 | @achi |
| 102 | @aCN@b110000 | |
| 105 | @ay z 000yy | |
| 106 | @ar | |
| 200 | 1 | @a南北朝风云@Anan bei chao feng yun@h第一卷@f孙峰, 孙艺真著 |
| 210 | @a北京@c中国文史出版社@d2018 | |
| 215 | @a364页@d24cm | |
| 225 | 2 | @a认认真真讲历史@Aren ren zhen zhen jiang li shi |
| 330 | @a本书是系列丛书《认认真真讲历史》之《南北朝风云》中的第一卷,全面、客观记录南北朝的历史,全面反映南北朝那段精彩纷呈而又不为国人熟知的历史,本册为第一卷。 | |
| 461 | 0 | @12001 @a认认真真讲历史 |
| 606 | 0 | @a古代史@Agu dai shi@x中国历史@z南北朝时代@j通俗读物 |
| 690 | @aK239.09@v5 | |
| 701 | 0 | @a孙峰@Asun feng@4著 |
| 701 | 0 | @a孙艺真@Asun yi zhen@4著 |
| 801 | 0 | @aCN@b百万庄@c20211016 |
| 905 | @b1309948-951@dK239.09@e155:1@f4 | |
| 南北朝风云.第一卷/孙峰, 孙艺真著.-北京:中国文史出版社,2018 |
| 364页;24cm.-(认认真真讲历史) |
| ISBN 978-7-5034-9531-1:CNY62.00 |
| 本书是系列丛书《认认真真讲历史》之《南北朝风云》中的第一卷,全面、客观记录南北朝的历史,全面反映南北朝那段精彩纷呈而又不为国人熟知的历史,本册为第一卷。 |
| ● |
| 相关链接 |
|
|
|
|
正题名:南北朝风云
索取号:K239.09/155:1
 
预约/预借
| 序号 | 登录号 | 条形码 | 馆藏地/架位号 | 状态 | 备注 |
| 1 | 1309948 | 213099485 | 第二样本阅览室/ [索取号:K239.09/155:1] | 在馆 | |
| 2 | 1309949 | 213099494 | 第二借阅区/ [索取号:K239.09/155:1] | 在馆 | |
| 3 | 1309950 | 213099500 | 第二借阅区/ [索取号:K239.09/155:1] | 在馆 | |
| 4 | 1309951 | 213099519 | 第二借阅区/ [索取号:K239.09/155:1] | 在馆 |